000 00361nam a2200157Ia 4500
008 210210b1943 xxu||||| |||| 00| 0 eng d
041 _aeng
082 _a370/86
100 _aTRUSCOT (B)
245 _aRedbrick university
260 _aLondon
_bFaber & Faber
_c1943
650 _auniversity
650 _aRedbrick
690 _aEducation
906 _a005026
999 _c128709
_d128709